000 00690nam a2200289Ia 4500
005 20260324135759.0
008 008 260324s9999 xx 000 0 eng d
020 _a9781315804897
037 _aEBOOK
040 _aCRL
040 _beng
040 _cCRL
041 _2eng
041 _aeng
084 _qCRL
100 _aDiane Duggan
_91201883
245 0 _aOut Here By Ourselves
245 4 _bThe Stories of Young People Whose Mothers Have AIDS
260 _bTaylor and Francis
260 _c2000
365 _a
365 _b150
856 _uhttp://www.taylorfrancis.com/books/9781315804897
942 _cEBOOK
999 _c1803315
_d1803315